000 00266nam a2200109Ia 4500
008 190913s9999||||xx |||||||||||||| ||und||
100 _aCaffrey, Scherer
245 0 _aOracle DBA Interactive Workbook
260 _aUK
_b McGraw Hill
_c1996
300 _a320
942 _cBK
999 _c8184
_d8184